Information Systems Auditing and Assurance (Record no. 14627)

MARC details
000 -LEADER
fixed length control field 00525nam a22001937a 4500
003 - CONTROL NUMBER IDENTIFIER
control field URS
005 - DATE AND TIME OF LATEST TRANSACTION
control field 20220114171731.0
008 - FIXED-LENGTH DATA ELEMENTS--GENERAL INFORMATION
fixed length control field 170518b xxu||||| |||| 00| 0 eng d
010 ## - LIBRARY OF CONGRESS CONTROL NUMBER
LC control number 99-28300
020 ## - INTERNATIONAL STANDARD BOOK NUMBER
International Standard Book Number 9814040835
050 ## - LIBRARY OF CONGRESS CALL NUMBER
Classification number QA76.9
Item number A93H35 2000
082 ## - DEWEY DECIMAL CLASSIFICATION NUMBER
Edition number 658.0558
Classification number 21
100 ## - MAIN ENTRY--PERSONAL NAME
Relator code author
Personal name Hall, James A.
245 ## - TITLE STATEMENT
Title Information Systems Auditing and Assurance
260 ## - PUBLICATION, DISTRIBUTION, ETC.
Place of publication, distribution, etc. Cincinnati
Name of publisher, distributor, etc. South-Western College Publishing
Date of publication, distribution, etc. c2000
300 ## - PHYSICAL DESCRIPTION
Extent xiv, 425 pages:
504 ## - BIBLIOGRAPHY, ETC. NOTE
Bibliography, etc. note includes indexes
942 ## - ADDED ENTRY ELEMENTS (KOHA)
Source of classification or shelving scheme Library of Congress Classification
Koha item type Foreign Books
Holdings
Withdrawn status Source of classification or shelving scheme Damaged status Not for loan Collection code Home library Current library Shelving location Date acquired Total Checkouts Full call number Barcode Date last seen Price effective from Koha item type
  Library of Congress Classification     Non-fiction Binangonan College Library Binangonan College Library Foreign Section 06/07/2023   QA76.9 A93H35 2000 URSBIN-02149 05/18/2017 05/18/2017 Foreign Books
  Library of Congress Classification     Non-fiction Binangonan College Library Binangonan College Library Foreign Section 06/07/2023   QA76.9 A93H35 2000 URSBIN-02148 05/18/2017 05/18/2017 Foreign Books

University of Rizal System
Email us at univlibservices@urs.edu.ph

Visit our Website www.urs.edu.ph/library